000 00439cam a22001217a 4500
008 180718b-- xxu||||| |||| 00| 0 eng d
082 _aXA94068x54332 W892/C
100 _aIndia. Ministry of Labour and Employment. Labour Bureau
245 _aWorking class family income and expenditure survey, Chandigarh
260 _aDelhi
_bThe Controller of Publications
_c--
500 _aLibrary has 1999/2000
650 _aHouseholds - India - Chandigarh
999 _c488313
_d488313